000 00888nam a2200241Ia 4500
003 OSt
005 20220923224612.0
006 a|||||r|||| 00| 0
007 ta
008 220922b |||||||| |||| 00| 0 pan d
020 _c150
024 _a246,077
037 _b7830/XI, 31/01/2011, Arsee Publishers
_cTextual
040 _aARTS
_cARTS
_bpan
041 _2pan
_apan
082 _aO153,3N332:g(S), P4
100 _aਅਮਰਜੀਤ ਕੈਰ
_9156278
245 0 _aਮਨੋਵਿFਲੇFਣੀ ਸਿਧਾਂਤ ਅਤੇ ਨਰਿੰਜਨ ਤਸਨੀਮ ਦੇ ਨਾਵਲ
260 _aਅੰਮ੍ਰਿਤਸਰ
_b ਨਾਨਕ ਸਿੰਘ ਪੁਸਤਕ ਮਾਲਾ
_c2004
300 _a151ਪੰ
_ccm.
942 _hO153,3N332:g(S), P4
_cTEXL
_2CC
999 _c372451
_d372451